Jews Under Roman Rule (Record no. 1632)

MARC details
000 -LEADER
fixed length control field 00571nam a2200241 a 4500
020 ## - INTERNATIONAL STANDARD BOOK NUMBER
ISBN
082 00 - DEWEY DECIMAL CLASSIFICATION NUMBER
Classification number 296.09
Author Cutter MOR
100 ## - MAIN ENTRY--AUTHOR NAME
Author name Morrison, W D
245 ## - TITLE STATEMENT
Title Jews Under Roman Rule
260 ## - PUBLICATION, DISTRIBUTION, ETC. (IMPRINT)
Place of publication London
Name of publisher T.Fisher Unwin Ltd
Year of publication 1910
300 ## - PHYSICAL DESCRIPTION
Number of Pages 426p
500 ## - GENERAL NOTE
General note includes index and biblioraphy
505 2# - FORMATTED CONTENTS NOTE
Formatted contents note Index, Illus
650 ## - SUBJECT ADDED ENTRY--TOPICAL TERM
Topical Term Judaism-History
942 ## - ADDED ENTRY ELEMENTS (KOHA)
Koha item type Books
700 1# -
-- Morrison, W D
Holdings
Collection code Home library Current library Date acquired Cost, normal purchase price Full call number Accession Number Koha item type
  Henry Martyn Institute Library Henry Martyn Institute Library 07/27/2007 100.00 296.09 MOR 00447 Books
                   Copyright © 2026 | Henry Martyn Institute | Hyderabad | TS-500052 | INDIA | Implemented by hmi.edu.in
Hit-Count:

Powered by Koha